00574nam a2200157 i 4500001000700000003000900007005001700016007000300033008004100036100004500077245012900122260004500251300002100296500006600317852003300383128945ES-MaACL20230906193411.0t|070531s1925 sp ||||1| spa d1 aTéllez de Meneses y Sánchez, José.10aOración inaugural leída en la apertura del curso de 1925 a 1926 /cpor el Dr. D. José Téllez de Meneses y Sánchez. aSalamanca : bFrancisco Nuñez, c1925. a31 p. ; c29 cm. aTema: La Universidad salmantina y su riqueza bibliográfica. aES-MaACLj1683-F-11 bR.5454